Ginograf User Manual (Issu 1) / (Record no. 180074)
[ view plain ]
| 000 -LEADER | |
|---|---|
| fixed length control field | 00852 a2200145 4500 |
| 003 - CONTROL NUMBER IDENTIFIER | |
| control field | Nust |
| 005 - DATE AND TIME OF LATEST TRANSACTION | |
| control field | 20230620095643.0 |
| 040 ## - CATALOGING SOURCE | |
| Transcribing agency | Nust |
| 082 ## - DEWEY DECIMAL CLASSIFICATION NUMBER | |
| Classification number | 006.68,COM |
| 245 ## - TITLE STATEMENT | |
| Title | Ginograf User Manual (Issu 1) / |
| 260 ## - PUBLICATION, DISTRIBUTION, ETC. | |
| Place of publication, distribution, etc. | Cambridge |
| Name of publisher, distributor, etc. | CAD Center |
| Date of publication, distribution, etc. | 1976 |
| 505 ## - FORMATTED CONTENTS NOTE | |
| Formatted contents note | Introduction (Page 1-1), Basic Drawings (Page 2-1), Characters, Symbols and Dots (Page 3-1), Device Control and Qualification (Page 4-1), Line Types (Page 5-1), Multiple Drawing (Page 6-1), Windowing (Page 7-1), Transformations (Page 8-1), Transformation Control (Page 9-1), Viewing (Page 10-1), The Pseudo and Debug Code Generations (Page 11-1), Picture Segments (Page 12-1), Graphical Input (Page 13-1), Interaction on the Tektronix Storage tube (Page 14-1),Specifications of User Callable Routings (Page 15-1). |
| 650 ## - SUBJECT ADDED ENTRY--TOPICAL TERM | |
| Topical term or geographic name entry element | User Manual , Graphics |
| 9 (RLIN) | 113152 |
| 942 ## - ADDED ENTRY ELEMENTS (KOHA) | |
| Source of classification or shelving scheme | |
| Koha item type | Book Bank |
| Withdrawn status | Lost status | Source of classification or shelving scheme | Damaged status | Not for loan | Permanent Location | Current Location | Shelving location | Date acquired | Full call number | Barcode | Date last seen | Price effective from | Koha item type | Public note |
|---|---|---|---|---|---|---|---|---|---|---|---|---|---|---|
| Military College of Signals (MCS) | Military College of Signals (MCS) | General Stacks | 12/12/2016 | 006.68,COM | MCS3343 | 12/08/2016 | 12/12/2016 | Book | Almirah No.81, Shelf No.5 |
